Score 0/20 Timer 04:00
0 Plays Today
% Correct
000000
88.9%
OOOO0O
85.2%
0OOOOO
74.1%
00000O
70.4%
O0O0O0
66.7%
O000OO
63%
OO000O
63%
OOO0O0
63%
0OO0O0
55.6%
O00OOO
51.9%
% Correct
0OO000
44.4%
OO00O0
44.4%
O000O0
44.4%
OO0O00
40.7%
O00O00
40.7%
O0O0O0
37%
O0OO0O
33.3%
0OO00O
33.3%
0OO0O0
33.3%
O0O00O
25.9%
Remove Ads.
Support Sporcle.
Get the best of Sporcle when you Go Orange. This ad-free experience offers more features, more stats, and more fun while also helping to support Sporcle. Thank you for becoming a member.

You're not logged in!

Compare scores with friends on all Sporcle quizzes.
OR
Log In

Show Comments

Extras

Top Quizzes Today


Score Distribution

Your Account Isn't Verified!

In order to create a playlist on Sporcle, you need to verify the email address you used during registration. Go to your Sporcle Settings to finish the process.

Report this User

Report this user for behavior that violates our Community Guidelines.

Details: